Hodnotenie kvality úverov v komerčných bankách bakalárska práca

Salvato in:
Dettagli Bibliografici
Autore principale: Ostrovská, Jana
Ente Autore: Národohospodárska fakulta EU. Katedra bankovníctva a medzinárodných financií
Altri autori: Šturc, Boris, 1961-
Natura: Libro
Lingua:slovacco
Pubblicazione: Bratislava 2013
Tags: Aggiungi Tag
Nessun Tag, puoi essere il primo ad aggiungerne!!

MARC

LEADER 00000nbm a2200000 4500
001 0172449
005 20170315090440.2
041 0 |a slo 
044 |a SK 
245 1 0 |a Hodnotenie kvality úverov v komerčných bankách  |b bakalárska práca  |c Jana Ostrovská ; školiteľ: Boris Šturc 
264 1 |a Bratislava  |c 2013 
300 |a 46 s. 
100 1 |a Ostrovská, Jana 
700 1 |a Šturc, Boris, 1961- 
710 2 |a Národohospodárska fakulta EU. Katedra bankovníctva a medzinárodných financií